| 000 | 00505nam a2200181Ia 4500 | ||
|---|---|---|---|
| 008 | 151018s9999 xx 000 0 und d | ||
| 082 |
_bRBASDV12874 _a891.463 |
||
| 100 | _aऊ ज शेळके | ||
| 245 | _aऋणांकीता | ||
| 250 | _b1 | ||
| 260 |
_bसरस साहित्य _c1979 |
||
| 300 | _a242 | ||
| 600 | _aऊ ज शेळके | ||
| 630 | _aऋणांकीता | ||
| 700 | _aऊ ज शेळके | ||
| 730 | _aऋणांकीता | ||
| 942 | _cBOOK | ||
| 999 |
_c1015116 _d1015113 |
||